000 01550nam2a2200265 4500
001 rc\2968480
005 20250530000740.0
035 _a(NLR Aleph) 007114775
090 _a6803858
_c6803858
100 _a20110906d1933 |||y0rusy50 ca
101 0 _arus
102 _aRU
105 _ab z 000zy
200 1 _aМатериал к определению материкового стока в Балтийское море
_fВ. А. Берг и Е. Н. Спенглер (СССР)
210 _d[1933]
_g1-я тип. изд-ва Ленинградского облисполкома и совета
_aБ. м.
215 _a19, [1] с., 1 л. цв. карта
461 0 _1001RU\NLR\BIBL_A\021966730
_12001#$aО влиянии баланса вод на режим уровня Балтийского моря$fIV Гидрологическая конференция Балтийских стран, Ленинград, сентябрь 1933$v2
_912343412
_c[Ленинград]
_d1933
_fIV Гидрологическая конференция Балтийских стран, Ленинград, сентябрь 1933
_tО влиянии баланса вод на режим уровня Балтийского моря
_v2
701 1 _aБерг
_bВ. А.
_f1894-
_gВадим Андреевич
701 1 _aСпенглер
_bЕ. Н.
_f1887-1964
_gЕвгений Николаевич
801 0 _aRU
_bNLR
_gpsbo
801 1 _aRU
_bELAR
_2rusmarc
852 _aNLR
_j34-18/107(60-2)
942 _cBOOK
980 _aNB